00385 2200145 4500001002100000008004100021035002000062245005700082260003600139300001500175084001700190082001100207650000900218990001200227INLIS000000000001382 ind  a0010-0722000931 aKisah Kisah Teladan 25 Nabi dan RasulcAchmad Suhada aSurakartabBerlian Media Wacana a128c21 cm a297.34 ACH k a297.34 aNabi aDI.1914